| 000 | 00551nam a22001937a 4500 | ||
|---|---|---|---|
| 005 | 20260604152604.0 | ||
| 010 | _aENG-148752 | ||
| 020 |
_a9788197263361 _c1000.00 |
||
| 035 | _aEN-132284 | ||
| 037 |
_bDBAD _adpl |
||
| 082 | _a920 | ||
| 100 |
_aNag, Dipak _989311 |
||
| 245 |
_aHo Chi Minh Struggle and Life/ _cDipak Nag |
||
| 250 | _a1 | ||
| 260 |
_aKolkata _bAjita Prakason _c2024 |
||
| 270 |
_a10D/1A BAdridas Temple Street _bKolkata _e700004 _k9330335066 |
||
| 300 |
_a409p. _c21cm(pb) _bill. |
||
| 942 |
_2ddc _cEN _mNAG _h920 |
||
| 999 |
_c216507 _d216507 |
||